Normal view MARC view

Entry Topical Term

Number of records used in: 1

001 - CONTROL NUMBER

  • control field: 54881

003 - CONTROL NUMBER IDENTIFIER

  • control field: OSt

005 - DATE AND TIME OF LATEST TRANSACTION

  • control field: 20241004142124.0

008 - FIXED-LENGTH DATA ELEMENTS

  • fixed length control field: 241004|| aca||aabn | a|a d

040 ## - CATALOGING SOURCE

  • Original cataloging agency: OSt
  • Transcribing agency: OSt

150 ## - HEADING--TOPICAL TERM

  • Topical term or geographic name entry element: အရျင်သုခမိန္ဒ
  • General subdivision: အတ္ထုပ္ပတ္တိ

670 ## - SOURCE DATA FOUND

  • Source citation: Work cat.: (OSt)16682: လှမောင်လတ်(သီပေါ ကိုလတ်) 54880, ဓမ္မဂုဏ်ရည်အမွေခံ အရှင်သုခမိန္ ဒ(စဝ်ဆုခမ်း) သို့မဟုတ် အထနှေးပေမယ့် အပြေးသန်သူ /, ၂၀၀၆။

Library - 09407999929
Admin Office - 09407999979
Dean Office - 09250910768
Registrar Office - 09892297154
Email - [email protected]
Shan State Buddhist University, Phaya Phyu Taunggyi, Shan State, Myanmar.